Statistics for Fifa 20 Top 25 Ivory Coast Players

Click here to take the quiz!

General Stats

  • This quiz has been taken 32 times
  • The average score is 10 of 25

Answer Stats

RatingTeamPlayer% Correct
83ArsenalNicolas Pepe
95%
80Manchester UnitedEric Bailly
86%
79Tottenham HotspurSerge Aurier
86%
83Crystal PalaceWilfried Zaha
82%
79AC MilanFranck Kessie
73%
79Hertha BSCSalomon Kalou
64%
78ParmaGervinho
55%
79EvertonJean-Philippe Gbamin
50%
79ToulouseMax-Alain Gradel
50%
75RC StrasbourgLamine Kone
36%
76ToulouseIbrahima Sangare
32%
75Angers SCOIsmael Traore
32%
78GalatasarayJean-Michael Seri
32%
76Olympique LyonMaxwel Cornet
32%
76Cardiff CitySol Bamba
27%
76Sporting CPIdrissa Doumbia
23%
78Club BruggeSimon Deli
23%
75FiorentinaChristian Kouame
18%
75Stade ReimsGhislain Konan
18%
77GenclerbirligiGiovanni Sio
14%
75TorinoKoffi Djidji
14%
75UdineseSeko Fofana
14%
75RCD MallorcaLago Junior
9%
75CD LeganesRoger Assale
9%
74Saint-EtienneJean-Eudes Aholou
5%

Score Distribution

Percentile by Number Answered

Percent of People with Each Score

Your Score History

You have not taken this quiz